| 000 | 00473nam a22001937a 4500 | ||
|---|---|---|---|
| 003 | LK-CoDNM | ||
| 005 | 20250103131649.0 | ||
| 008 | 250102b |||||||| |||| 00| 0 eng d | ||
| 040 |
_aLK-CoDNM _dLK-CoDNM _eLK-CoDNM |
||
| 041 | _aeng | ||
| 080 |
_a4 _bB8 |
||
| 100 | _aFrancis Day, C.I.E., L.L.D. | ||
| 245 | _aThe rod in India | ||
| 260 |
_c1873 _aMangalore _bC. Stolz |
||
| 300 | _bxxiii, 319p. : ill ; 24 cm | ||
| 650 | _aScience | ||
| 650 | _a1873 | ||
| 942 | _cBK | ||
| 999 |
_c234816 _d234816 |
||